000 00585nam a2200181 i 4500
001 81461
003 ES-MaACL
005 20250728182943.0
007 t|
008 041104s1917 sp ||||1| spa d
100 1 _aHuarte y Echenique, Amalio.
_964475
245 1 0 _aDatos para la biografĂ­a del Maestro Bernardo Clavijo /
_cAmalio Huarte y Echenique.
260 _aSalamanca :
_b[s.n.],
_c1917 (
_fEstab. Tip. de Calatrava)
300 _a15 p. ;
_c21 cm.
600 1 7 _aClavijo del Castillo, Bernardo,
_fm. 1626
_2
_9159430
852 _aES-MaACL
_j1529-F-16
999 _c81461
_d81461